Topics in algebra

Gardado en:
Detalles Bibliográficos
Autor Principal: Herstein, I. N (Author)
Formato: Libro
Idioma:inglés
Publicado: Nueva Delhi Vikas Publishing House 1976
Edición:5a. ed
Subjects:
Tags: Engadir etiqueta
Sen Etiquetas, Sexa o primeiro en etiquetar este rexistro!

MARC

LEADER 00000nam a2200000 a 4500
001 UCQ9215
003 CL-VaPUC
008 981230e19760000II |||||||||||||||||eng|d
082 0 4 |a 512  |b HER  |2 21 
100 |a Herstein, I. N  |e author  |9 572702 
245 1 0 |a Topics in algebra 
250 |a 5a. ed 
300 |a 388 p 
942 |c BK 
945 |d 19981230 00:00:00  |a crobeson 
260 |a Nueva Delhi  |b Vikas Publishing House  |c 1976 
650 0 |a Álgebra  |9 259567 
650 0 |a Teoría de grupos   |9 270028 
650 0 |a Teoría de anillos   |9 342207 
650 0 |a Álgebra vectorial   |9 269971 
650 7 |a CAMPOS  |2 CL-VaPUC  |9 422158 
650 0 |a Transformaciones lineales  |9 24 
583 |a last modification  |c 19981230 00:00:00  |k Rodrigo Vera 
999 |c 278300  |d 278298 
952 |0 0  |1 0  |4 0  |6 512_000000000000000_HER_1976  |7 0  |8 A  |9 316776  |a BIBMAT  |b BIBMAT  |d 2019-11-20  |i 1313363  |o 512 HER 1976  |p 1313363  |r 2025-01-07  |w 2019-11-20  |y BK  |k MAT